1494 1735 1828 1310 1819 1079 1560 1564 1919 1330 1860 1677 1699 1093 1400 1306 1653 1927 1136 1763 1779 1052 1796 1733 1291 1554 1675 1525 1848 1371 1341 1142 1719 1475 1305 1809 1079 1421 1478 1590 1217 1921 1374 1267 1064 1470 1316 1400 1680 1889 1112 1067 1559 1067 1643 1806 1802 1754 1172 1397 1660 1642 1479 1009 1918 1143 1597 1222 1700 1192 1947 1204 1725 1924 1981 1133 1188 1616 1817 1825 1525 1764 1179 1277 1275 1223 1468 1971 1386 1089 1215 1006 1998 1069 1249 1548 1864 1896 1298 BCNSPRNW ULIB Ver.6.0+V

เปลี่ยนเป็นภาษาไทย

Change to English
 แสดงรายละเอียดบรรณานุกรม
  กลับหน้าหลัก

Brief Record : Get Marc (ISO 2709) : E-mail record : QR code < ปิดหน้าต่าง
LEADER : 00000nam 2200000uu 4500
001    13399126523
003     ULIB
008    181005s2017||||th 000 0 tha d
020    ^a9780323322874
060    ^aWP140^bL811C
100    ^aRogerio Lobo David Gershenson Gretchen Lentz
245    ^aComprehensive Gynecology
250    ^a7th ed
260    ^aPhiladelphia :^bElsevier,^c2017
300    ^a956 pages;^b30 cm
650    ^aGenitral Diseases, Female
650    ^aGenitral Neoplasms, Female
945    ^p0^l0^i26719
999    ^aกัณชพร จุลอักษร
รายการนี้ยังไม่มีแท็ก
คุณยังไม่ได้ล็อกอิน คุณสามารถมีกิจกรรมร่วมกับเว็บไซต์ได้ แต่ต้องล็อกอินก่อน ::
  ล็อกอิน

รายการสื่อสารสนเทศ

ลำดับที่ ประเภท เลขเรียก/บาร์โค้ด สถานที่ สถานะ
1. วิทยาศาสตร์การแพทย์ และสุขภาพ
วิทยาศาสตร์การแพทย์ และสุขภาพ
WP140 L811C ฉ.1 
  Barcode: 26719
ห้องสมุดวิทยาเขตนครสวรรค์
►หนังสือทั่วไป:l:General Books
บนชั้น

รายการใกล้เคียง
    ชื่อเรื่อง [Comprehensive Gynecology]

    ผู้แต่ง [Rogerio Lobo David Gershenson Gretchen Lentz]

    หัวเรื่อง [Genitral Diseases, Female]
    หัวเรื่อง [Genitral Neoplasms, Female]

BibComment


ยังไม่เคยถูกคอมเมนท์

คอมเมนท์ทรัพยากรรายการนี้
  คอมเมนท์: Comprehensive Gy..


 Copyright 2026. Bcnsprnw @Library